| 000 | 00739nam a2200241Ia 4500 | ||
|---|---|---|---|
| 003 | OSt | ||
| 005 | 20220202154709.0 | ||
| 008 | 210716s2011 xx 000 0 und d | ||
| 020 | _a9788184952797 | ||
| 040 | _cAIMIT LIBRARY | ||
| 041 | _aeng | ||
| 082 |
_a658.4 _21 _bBUTM |
||
| 100 |
_aButler, Michael.,ed. _915960 |
||
| 245 |
_aIntroduction to organisational behaviour / _cedited by Michael Butler and Edward Rose. |
||
| 250 | _a1 | ||
| 260 |
_aNew Delhi; _bJaico Publishing House, _c2011. |
||
| 300 |
_axxxiii,503p,; _c27.5 cm. |
||
| 650 |
_aPersonality _915961 |
||
| 650 |
_aLearning theories and practices _915962 |
||
| 650 |
_aDecision making _915963 |
||
| 700 |
_aRose, Edward.,ed. _915964 |
||
| 942 |
_2ddc _cBK _e1 _k658.4 BUTM |
||
| 999 |
_c208628 _d208628 |
||